[Event "Ruhrgebiet playoff 0304"]
[Site "Ruhrgebiet"]
[Date "2004.05.23"]
[Round "2.5"]
[White "Schneider, Helmut"]
[Black "Schlueter, Ralf"]
[Result "1-0"]
[WhiteElo "1744"]
[BlackElo "1701"]
[PlyCount "95"]
[EventDate "2004.05.16"]
[EventType "team"]
[EventRounds "3"]
[EventCountry "GER"]
[SourceTitle "EXT 2006"]
[Source "ChessBase"]
[SourceDate "2005.11.24"]
[SourceVersion "1"]
[SourceVersionDate "2005.11.24"]
[SourceQuality "1"]
[WhiteTeam "Holsterhausen II"]
[BlackTeam "Kirchhellen SF"]
[WhiteTeamCountry "GER"]
[BlackTeamCountry "GER"]

1. d4 Nf6 2. c4 g6 3. Nc3 d5 4. e3 Bg7 5. Nf3 0-0 6. Be2 dxc4 7. Bxc4 c5 8. 0-0 Nc6 9. dxc5 Qa5 10. Bd2 Qxc5 11. Be2 Rd8 12. Rc1 Qb6 13. Na4 Qc7 14. Nd4 Ne4 15. Nb3 Nxd2 16. Nxd2 Qa5 17. Nc3 Be6 18. a3 Rd7 19. Qe1 Ne5 20. Ndb1 Nd3 21. Bxd3 Rxd3 22. b4 Qe5 23. Kh1 Rad8 24. Rd1 h5 25. Rg1 R8d7 26. Rxd3 Rxd3 27. Qc1 h4 28. h3 Qf5 29. Rd1 Be5 30. Rxd3 Qxd3 31. Qd1 Qc4 32. Ne2 Qc6 33. Nd4 Bxd4 34. exd4 Bd5 35. f3 Qc4 36. Kg1 b6 37. Qd2 Qb3 38. Nc3 Be6 39. Nb5 Bc4 40. Nxa7 Qxa3 41. Nc6 e6 42. Qg5 f5 43. Qxg6+ Kh8 44. Qf6+ Kh7 45. Qxh4+ Kg7 46. Qg5+ Kh7 47. Ne7 Qc1+ 48. Qxc1 1-0